| 000 | 01249nam a22002657a 4500 | ||
|---|---|---|---|
| 005 | 20170124103159.0 | ||
| 010 | _aB-202674 | ||
| 020 |
_c175.00 _a8187482567 |
||
| 035 | _aB-202674 | ||
| 037 | _bCen Lib/Ret | ||
| 040 |
_aDPL _bHN |
||
| 082 |
_a921 _bओमप्र |
||
| 100 |
_aओमप्रकाश दीपक _990780 |
||
| 245 |
_aलोहिया : _cओमप्रकाश दीपक [और] अरविन्द मोहन _bएक जीवनी / |
||
| 246 |
_aLohia : ek jivani / _bby Omprakash Deepak [aur] Arvind Mohan |
||
| 260 |
_aबीकानेर _bवाग्देवी प्रकाशन _c2006 |
||
| 270 |
_aविनायक शिखर कॉलेज के पास _bबीकानेर _e334003 |
||
| 300 |
_a180पृ. _c21सेमी (सजिल्द) |
||
| 650 |
_aराष्ट्रीय नेता -- भारत -- जीवनी _990781 |
||
| 650 |
_aराममनोहर लोहिया -- जीवनी _943394 |
||
| 650 |
_aNational Leader -- India -- Biography _990782 |
||
| 650 |
_aRam Manohar Lohia -- Biography _990783 |
||
| 700 |
_aमोहन, अरविन्द _990784 |
||
| 942 |
_2ddc _cHN _h921 _mओमप्र |
||
| 999 |
_c120507 _d120507 |
||